000 00725nas a2200229 4500
001 BR8704966
003 BR-BrBNA
005 20231205090735.0
007 ta
008 230509b bl.|||p| |||| 00| 00por d
040 _aBR-BrBNA
_bpor
_cBiblioteca Nacional de Agricultura
041 _a(Pt)
072 _aF06; C30
110 1 _aAssociacao Brasileira de Irrigacao e Drenagem, Brasilia, DF (Brasil)
_9308
245 1 _aIrrigacao computarizada
246 1 _a[Computerized irrigation]
650 _aIRRIGACAO
650 _aCOMPUTADOR
773 0 _tITEM. Irrigacao e Tecnologia Moderna (Brazil)
_xISSN 0102-115X
_g(Sep 1986), no. 26 p. 33-34
_wBR8704966
909 _a202311
_bLúcia
_c55
_dLúcia Elande
942 _2AGRIS
_n0
_cANA
999 _c120561
_d120561